Great Divide States Empty Map Quiz - Statistics

General Stats
  • This quiz has been taken 315 times
  • The average score is 5 of 5
Answers on the Map
Answers color-coded by a green-red scale on the quiz's map according to % correct below.
 
Answer Stats
State % Correct
New Mexico
99%
Montana
98%
Colorado
97%
Idaho
97%
Wyoming
95%
No matching quizzes found
Score Distribution
Percent of People with Each Score
Percentile by Number Answered
Your Score History
You have not taken this quiz